| 000 | 00729cab a2200193 4500 | ||
|---|---|---|---|
| 001 | WB2623-42 | ||
| 008 | 090401t1990 xxu||||| |||| 00| 0 eng d | ||
| 035 | _a(Sirsi) u75164 | ||
| 041 | _aeng | ||
| 245 | _aDevelopment control (protection of greenfield sites) | ||
| 260 | _c1990 | ||
| 350 | _a0 | ||
| 490 |
_aHouse of Commons Hansard _v12/6/90 cols 154-155 |
||
| 520 | _aA private members` bill to protect from development greenfield sites in suburban areas, for the substitution of opportunity sites where there exists a presumption in district plans to build has been given a first reading in the House of Commons. | ||
| 650 | _aLEGISLATION | ||
| 690 | _aPLANNING LAW AND PRACTICE | ||
| 942 | _n0 | ||
| 948 | _c04/03/1997 | ||
| 999 |
_c47354 _d47354 |
||